000
00271nam a2200097Ia 4500
001
720078
005
20250826163225.0
008
250824s9999 xx 000 0 und d
245
0
_a
1915 GELİBOLU HARBİ GÜNLÜĞÜ
_c
Yazar Adı Belirtilmemiş
260
_b
YEDİTEPE YAYINLARI
999
_c
720078
_d
720078